Statistiques concernant Focus sur: l'Andorre

Cliquez ici pour prendre le quiz!

Statistiques générales

  • Ce quiz a été pris 112 fois
    (77 depuis la dernière actualisation)
  • Le résultat moyen est 11 sur 18

Statistiques - réponses

Informations recherchéesRéponses% Correct
Frontière NordFrance
100%
Frontière SudEspagne
99%
CapitaleAndorre-la-Vieille
97%
MonnaieEuro
93%
Couleur du drapeau (droite)Rouge
92%
Couleur du drapeau (milieu)Jaune
91%
Couleur du drapeau (gauche)Bleu
88%
Langue officielleCatalan
77%
Nom completPrincipauté d'Andorre
64%
Superficie (arrondi à la centaine de kilomètres carrés près)468 kilomètres carrés
59%
Nom des habitants du paysAndorran
57%
Nom des habitants de la capitaleAndorran
57%
Nombre d'habitants de la capitale (arrondi à la dizaine de mille près)22 615 habitants
53%
Nombre d'habitants (arrondi à la dizaine de mille près)85 580 habitants
39%
Régime politiqueCo-principauté parlementaire
16%
Indicateur téléphonique+376
11%
Hymne nationalEl Gran Carlemany
8%
Devise nationaleVirtus unita fortior
8%

Distribution des résultats

Percentile par nombre de réponses

% des personnes avec chaque résultat

Votre développement - résultats

Vous n’avez pas pris ce quiz depuis la dernière actualisation